[Event "BCF-chT1a 0910 (4NCL)"]
[Site "England"]
[Date "2010.02.21"]
[Round "6.8"]
[White "Auckland, Elliott"]
[Black "Daley, Eugene"]
[Result "0-1"]
[WhiteElo "2010"]
[BlackElo "1782"]
[PlyCount "58"]
[EventDate "2009.10.24"]
[EventType "team-tourn"]
[EventRounds "7"]
[EventCountry "ENG"]
[SourceTitle "EXT 2011"]
[Source "ChessBase"]
[SourceDate "2010.11.26"]
[SourceVersion "1"]
[SourceVersionDate "2010.11.26"]
[SourceQuality "1"]
[WhiteTeam "Pride and Prejudice"]
[BlackTeam "The ADS"]
[WhiteTeamCountry "ENG"]
[BlackTeamCountry "ENG"]

1. c4 Nf6 2. Nc3 g6 3. g3 Bg7 4. Bg2 0-0 5. Nf3 d6 6. 0-0 e5 7. d3 Nc6 8. Rb1 a5 9. a3 Nh5 10. e4 f5 11. exf5 Bxf5 12. Nh4 Be6 13. Ne4 Nf4 14. gxf4 Qxh4 15. Ng5 Bg4 16. Qb3 Nd4 17. Qxb7 exf4 18. Qd5+ Kh8 19. Be3 Ne2+ 20. Kh1 f3 21. Rg1 Nxg1 22. Rxg1 fxg2+ 23. Rxg2 Rae8 24. Bd4 Re1+ 25. Rg1 Bf3+ 26. Nxf3 Rxg1+ 27. Kxg1 Qg4+ 28. Kf1 Qxf3 29. Bf6 Qxf6 0-1

[Event "BCF-chT1a 0910 (4NCL)"]
[Site "England"]
[Date "2009.10.24"]
[Round "1.8"]
[White "Daley, Eugene"]
[Black "Smith, Lucy"]
[Result "1-0"]
[WhiteElo "1782"]
[BlackElo "1722"]
[PlyCount "67"]
[EventDate "2009.10.24"]
[EventType "team-tourn"]
[EventRounds "7"]
[EventCountry "ENG"]
[SourceTitle "EXT 2011"]
[Source "ChessBase"]
[SourceDate "2010.11.26"]
[SourceVersion "1"]
[SourceVersionDate "2010.11.26"]
[SourceQuality "1"]
[WhiteTeam "The ADS"]
[BlackTeam "Barbican II"]
[WhiteTeamCountry "ENG"]
[BlackTeamCountry "ENG"]

1. e4 c5 2. Nf3 d6 3. d4 cxd4 4. Nxd4 a6 5. Nc3 Nf6 6. Bg5 e6 7. f4 Be7 8. Qf3 Nfd7 9. Bxe7 Qxe7 10. 0-0-0 Nc6 11. Qg3 0-0 12. f5 Nce5 13. Be2 Nf6 14. Rhf1 Rd8 15. Qh4 Kf8 16. g4 h6 17. Qg3 Nc6 18. h4 exf5 19. exf5 Qe5 20. Qxe5 Nxe5 21. g5 Nh7 22. Rg1 Nc6 23. Nxc6 bxc6 24. Bd3 hxg5 25. hxg5 f6 26. g6 Ng5 27. Rh1 Ke7 28. Rhe1+ Kf8 29. Rh1 Ke7 30. Rhe1+ Kf8 31. Re2 d5 32. Rh1 Ne4 33. Nxe4 dxe4 34. Rh8+ 1-0